Boston BC v Rees and Bennett (Receivers); re Beck Foods Ltd (Record no. 69919)
[ view plain ]
| 000 -LEADER | |
|---|---|
| fixed length control field | 01720cam a2200229 4500 |
| 001 - CONTROL NUMBER | |
| control field | ABS65285 |
| 008 - FIXED-LENGTH DATA ELEMENTS--GENERAL INFORMATION | |
| fixed length control field | 020404n2002 000 0 eng u |
| 035 ## - SYSTEM CONTROL NUMBER | |
| System control number | (Sirsi) u117362 |
| 245 ## - TITLE STATEMENT | |
| Title | Boston BC v Rees and Bennett (Receivers); re Beck Foods Ltd |
| 260 ## - PUBLICATION, DISTRIBUTION, ETC. | |
| Date of publication, distribution, etc. | 2002 |
| 490 ## - SERIES STATEMENT | |
| Series statement | Rating Appeals |
| Volume/sequential designation | [2002] RA 23-43(11) |
| 520 ## - SUMMARY, ETC. | |
| Summary, etc. | CA 20 December 2001. B contended that receivers were liable to pay non domestic rates in respect of commercial premises at New Hammond Back Road, Wyberton Fen, Boston, Lincolnshire from 18 April 1997 to the 17 November 1997. The premises were owned by a company and used for meat and burger processing. In February 1997 receivers of the company were appointed pursuant to a mortgage debenture. Clause 8 of the mortgage debenture provided that any receiver appointed should be the agent of the company. The receivers closed down the meat processing side of the company but continued to run the burger processing business. On the 18 April 1997 the company was place in creditors' voluntary liquidation. The receivers' agency pursuant to the debenture ended. The burger processing continued with the receivers making weekly site visits. The High Court held that the receivers were not liable for the rates. The council appealed. "Held", the receivers were not liable for the rates because the company was in rateable occupation at all times. |
| 590 ## - LOCAL NOTE (RLIN) | |
| Local note | ABS |
| 650 ## - SUBJECT ADDED ENTRY--TOPICAL TERM | |
| Topical term or geographic name entry element | BOSTON BC V REES AND BENNETT (RECEIVERS); RE BECK FOODS LTD |
| 650 ## - SUBJECT ADDED ENTRY--TOPICAL TERM | |
| Topical term or geographic name entry element | RATEABLE OCCUPATION |
| 650 ## - SUBJECT ADDED ENTRY--TOPICAL TERM | |
| Topical term or geographic name entry element | RECEIVERS |
| 650 ## - SUBJECT ADDED ENTRY--TOPICAL TERM | |
| Topical term or geographic name entry element | VOLUNTARY LIQUIDATION |
| 650 ## - SUBJECT ADDED ENTRY--TOPICAL TERM | |
| Topical term or geographic name entry element | LOCAL GOVERNMENT FINANCE ACT 1988 S43 |
| 650 ## - SUBJECT ADDED ENTRY--TOPICAL TERM | |
| Topical term or geographic name entry element | NON DOMESTIC RATES |
| 690 ## - LOCAL SUBJECT ADDED ENTRY--TOPICAL TERM (OCLC, RLIN) | |
| Topical term or geographic name as entry element | RATING AND LOCAL TAXATION-CASE LAW |
| 942 ## - ADDED ENTRY ELEMENTS (KOHA) | |
| Suppress in OPAC | 0 |
| Withdrawn status | Lost status | Source of classification or shelving scheme | Damaged status | Not for loan | Home library | Current library | Shelving location | Date acquired | Total Checkouts | Full call number | Barcode | Date last seen | Copy number | Price effective from | Koha item type |
|---|---|---|---|---|---|---|---|---|---|---|---|---|---|---|---|
| Dewey Decimal Classification | London | London | Journal article | 04/04/2002 | ABS65285 | 117362-1001 | 06/08/2019 | 1 | 06/08/2019 | Law report |